Language Quiz

Random Language or Asia Quiz

Misspelled Asia Blitz Quiz Stats

 Plays Quiz Updated Nov 11, 2013

Support Sporcle.
Go Orange.
Score 0/24 Timer 02:00
0 Plays Today
% Correct
Malaysiia
97.3%
Afgahnistan
97.2%
Jorden
97.2%
Nepahl
97.1%
Kuwate
97.1%
Shri Lanka
96.2%
Indonæsia
96%
Singapor
95.6%
Maldaves
95.1%
Qater
95.1%
Isreal
95%
United Arab Emirats
94.5%
% Correct
Saudi Araba
93.8%
Azerbaijain
93.3%
Bahran
92.6%
Kazakstan
92.2%
Yeman
91.5%
Bangledesh
91.1%
Timor-Luste
90%
Myannmar
90%
Tajikstan
88.7%
Butan
88.1%
Phillippines
81.9%
Krygyzstan
77.4%

You're not logged in!

Compare scores with friends on all Sporcle quizzes.
OR
Log In
Forgot?

From the Vault

Triple Criteria Quiz: US States

by biggs364

They would all be in the state of meeting three different criteria.
Remove Ads.
Support Sporcle.
Get the best of Sporcle when you Go Orange. This ad-free experience offers more features, more stats, and more fun while also helping to support Sporcle. Thank you for becoming a member.

Show Comments

Extras

Top Quizzes Today


Score Distribution

Your Account Isn't Verified!

In order to create a playlist on Sporcle, you need to verify the email address you used during registration. Go to your Sporcle Settings to finish the process.

Report this User

Report this user for behavior that violates our Community Guidelines.

Details: